[Event "Deutsche Ländermeisterschaft 2018"]
[Site "Würzburg GER"]
[Date "2018.10.04"]
[Round "3"]
[White "Wagner, Leopold Franziskus"]
[Black "Schulze, Lara"]
[Result "1-0"]
[Termination "normal"]
[Board "2.4"]
[BlackTitle "WFM"]
[WhiteElo "1941"]
[BlackElo "2066"]
[WhiteClock "00:30:48"]
[BlackClock "00:29:53"]
[WhiteTeam "Nordrhein-Westfalen"]
[BlackTeam "Niedersachsen"]
[PlyCount "85"]
[WhiteFideId "1641581"]
[BlackFideId "12956830"]
[EventCountry "GER"]
[EventRounds "7"]
[EventType "team-swiss"]
[EventDate "2018.10.02"]

1. e4 {[%clk 1:30:55]} c5 {[%clk 1:30:59]} 2. Nf3 {[%clk 1:31:16]} d6 {[%clk
1:31:25]} 3. d4 {[%clk 1:31:41]} Nf6 {[%clk 1:31:50]} 4. Nc3 {[%clk 1:30:45]}
cxd4 {[%clk 1:32:14]} 5. Nxd4 {[%clk 1:31:10]} Nc6 {[%clk 1:32:36]} 6. f3
{[%clk 1:30:01]} e5 {[%clk 1:32:38]} 7. Nb3 Be7 {[%clk 1:31:45]} 8. Be3 {[%clk
1:29:49]} O-O {[%clk 1:24:22]} 9. Nd5 {[%clk 1:29:56]} Nxd5 {[%clk 1:24:14]}
10. exd5 {[%clk 1:29:59]} Nb8 {[%clk 1:24:25]} 11. Qd2 {[%clk 1:24:31]} a5
{[%clk 1:20:38]} 12. a4 {[%clk 1:22:16]} f5 {[%clk 1:16:57]} 13. Bb5 {[%clk
1:20:33]} f4 {[%clk 1:15:01]} 14. Bf2 {[%clk 1:20:30]} Nd7 {[%clk 1:13:55]} 15.
O-O-O {[%clk 1:07:26]} Nf6 {[%clk 1:08:45]} 16. Qe2 {[%clk 0:49:19]} Kh8 {[%clk
1:00:35]} 17. Nd2 {[%clk 0:38:27]} Nxd5 {[%clk 0:47:46]} 18. Nc4 {[%clk
0:37:56]} Be6 {[%clk 0:43:28]} 19. Qe4 {[%clk 0:37:21]} Nb4 {[%clk 0:38:20]}
20. Bb6 {[%clk 0:20:56]} Qb8 {[%clk 0:24:15]} 21. c3 {[%clk 0:12:56]} Nc6
{[%clk 0:18:18]} 22. Rhe1 {[%clk 0:11:12]} Rc8 {[%clk 0:13:34]} 23. Bg1 {[%clk
0:10:10]} Bxc4 {[%clk 0:08:31]} 24. Bxc4 {[%clk 0:10:19]} Qc7 {[%clk 0:08:47]}
25. Kb1 {[%clk 0:09:13]} g6 {[%clk 0:05:57]} 26. g3 {[%clk 0:08:31]} Rf8 {[%clk
0:05:37]} 27. Bf2 {[%clk 0:07:28]} Rac8 {[%clk 0:03:46]} 28. g4 {[%clk
0:07:20]} Bf6 {[%clk 0:02:12]} 29. h4 {[%clk 0:06:21]} Ne7 {[%clk 0:01:37]} 30.
Be6 {[%clk 0:06:42]} Rcd8 {[%clk 0:01:15]} 31. g5 {[%clk 0:06:50]} Bg7 {[%clk
0:01:43]} 32. h5 {[%clk 0:06:55]} gxh5 {[%clk 0:00:59]} 33. Rh1 {[%clk
0:06:56]} d5 {[%clk 0:00:48]} 34. Rxd5 {[%clk 0:02:32]} Nxd5 {[%clk 0:00:46]}
35. Bxd5 {[%clk 0:01:24]} Rfe8 {[%clk 0:00:38]} 36. Rxh5 {[%clk 0:01:30]} Bf8
{[%clk 0:01:07]} 37. Bb6 {[%clk 0:01:04]} Qg7 {[%clk 0:00:55]} 38. Bxd8 {[%clk
0:01:26]} Rxd8 {[%clk 0:01:23]} 39. g6 {[%clk 0:01:39]} h6 {[%clk 0:01:08]} 40.
Rxe5 {[%clk 0:01:21]} Bd6 {[%clk 0:01:08]} 41. Rf5 {[%clk 0:00:52]} Rf8 {[%clk
0:01:18]} 42. Bf7 {[%clk 0:00:38]} b6 {[%clk 0:29:53]} 43. Qe6 {[%clk 0:30:48]}
1-0

[Event "Deutsche Ländermeisterschaft 2018"]
[Site "Würzburg GER"]
[Date "2018.10.04"]
[Round "3"]
[White "Pubantz, Jan"]
[Black "Arakelian, Aik"]
[Result "1-0"]
[Termination "normal"]
[Board "2.5"]
[WhiteElo "2084"]
[BlackElo "1879"]
[WhiteClock "00:18:42"]
[BlackClock "00:53:45"]
[WhiteTeam "Niedersachsen"]
[BlackTeam "Nordrhein-Westfalen"]
[PlyCount "37"]
[WhiteFideId "12996114"]
[BlackFideId "16220340"]
[EventCountry "GER"]
[EventRounds "7"]
[EventType "team-swiss"]
[EventDate "2018.10.02"]

1. d4 {[%clk 1:30:57]} Nf6 {[%clk 1:30:54]} 2. c4 {[%clk 1:31:22]} c5 {[%clk
1:31:19]} 3. Nf3 {[%clk 1:31:44]} cxd4 {[%clk 1:31:44]} 4. Nxd4 {[%clk
1:32:08]} Nc6 {[%clk 1:32:08]} 5. Nc3 {[%clk 1:31:56]} e6 {[%clk 1:32:26]} 6.
Ndb5 {[%clk 1:30:03]} d5 {[%clk 1:29:11]} 7. Bf4 {[%clk 1:29:33]} e5 {[%clk
1:29:16]} 8. cxd5 {[%clk 1:29:41]} exf4 {[%clk 1:28:43]} 9. dxc6 {[%clk
1:29:52]} Qb6 {[%clk 1:27:46]} 10. Qd4 {[%clk 0:57:24]} Bc5 {[%clk 1:10:11]}
11. Qe5+ {[%clk 0:39:07]} Be6 {[%clk 1:07:38]} 12. Nc7+ {[%clk 0:36:36]} Kf8
{[%clk 1:07:50]} 13. O-O-O {[%clk 0:27:33]} Rc8 {[%clk 1:05:55]} 14. cxb7
{[%clk 0:26:06]} Rxc7 {[%clk 0:55:34]} 15. Rd8+ {[%clk 0:25:28]} Ke7 {[%clk
0:55:39]} 16. b8=Q {[%clk 0:23:38]} Rb7 {[%clk 0:55:22]} 17. Qxb7+ {[%clk
0:22:07]} Qxb7 {[%clk 0:55:45]} 18. Rxh8 {[%clk 0:22:27]} Bxf2 {[%clk 0:53:45]}
19. e4 {[%clk 0:18:42]} 1-0

[Event "Deutsche Ländermeisterschaft 2018"]
[Site "Würzburg GER"]
[Date "2018.10.04"]
[Round "3"]
[White "Browning, Rebecca"]
[Black "Hommer, Jeremy"]
[Result "1/2-1/2"]
[Termination "normal"]
[Board "2.6"]
[WhiteElo "1873"]
[BlackElo "1983"]
[WhiteClock "01:10:00"]
[BlackClock "00:29:37"]
[WhiteTeam "Nordrhein-Westfalen"]
[BlackTeam "Niedersachsen"]
[PlyCount "91"]
[WhiteFideId "12984027"]
[BlackFideId "12992577"]
[EventCountry "GER"]
[EventRounds "7"]
[EventType "team-swiss"]
[EventDate "2018.10.02"]

1. e4 {[%clk 1:30:59]} e6 {[%clk 1:30:49]} 2. d4 {[%clk 1:31:24]} d5 {[%clk
1:31:13]} 3. exd5 {[%clk 1:31:47]} exd5 {[%clk 1:31:24]} 4. Bd3 {[%clk
1:32:12]} Bd6 {[%clk 1:31:33]} 5. c3 {[%clk 1:31:27]} Ne7 {[%clk 1:31:20]} 6.
Bg5 {[%clk 1:29:57]} O-O {[%clk 1:21:00]} 7. Ne2 {[%clk 1:29:04]} f6 {[%clk
1:14:08]} 8. Bh4 {[%clk 1:28:53]} Bf5 {[%clk 1:13:51]} 9. Bg3 {[%clk 1:28:32]}
c6 {[%clk 1:11:28]} 10. Bxd6 {[%clk 1:27:05]} Qxd6 {[%clk 1:11:35]} 11. Na3
{[%clk 1:27:19]} Re8 {[%clk 1:10:23]} 12. Nc2 {[%clk 1:27:10]} Nd7 {[%clk
1:00:03]} 13. Ne3 {[%clk 1:26:20]} Bxd3 {[%clk 1:00:07]} 14. Qxd3 {[%clk
1:26:43]} Nf8 {[%clk 0:59:28]} 15. O-O {[%clk 1:24:13]} Nfg6 {[%clk 0:56:33]}
16. g3 {[%clk 1:21:09]} Qd7 {[%clk 0:52:16]} 17. Kg2 {[%clk 1:18:39]} Nc8
{[%clk 0:51:19]} 18. Rae1 {[%clk 1:16:42]} Nd6 {[%clk 0:51:39]} 19. h4 {[%clk
1:16:17]} Re7 {[%clk 0:47:17]} 20. h5 {[%clk 1:12:34]} Nf8 {[%clk 0:47:46]} 21.
f3 {[%clk 1:12:45]} Qe8 {[%clk 0:44:24]} 22. Nf4 {[%clk 1:10:55]} Nc4 {[%clk
0:40:17]} 23. Kf2 {[%clk 1:02:32]} Nxe3 {[%clk 0:33:56]} 24. Rxe3 {[%clk
1:02:51]} Rxe3 {[%clk 0:34:01]} 25. Qxe3 {[%clk 1:03:16]} Qxe3+ {[%clk
0:34:15]} 26. Kxe3 {[%clk 1:03:41]} Re8+ {[%clk 0:34:03]} 27. Kf2 {[%clk
1:03:34]} Kf7 {[%clk 0:34:25]} 28. g4 {[%clk 1:01:32]} b6 {[%clk 0:31:24]} 29.
Rg1 {[%clk 0:59:51]} Nd7 {[%clk 0:26:30]} 30. g5 {[%clk 0:58:52]} fxg5 {[%clk
0:26:41]} 31. Rxg5 {[%clk 0:59:16]} Kf6 {[%clk 0:25:59]} 32. Rg4 {[%clk
0:59:06]} Rf8 {[%clk 0:23:07]} 33. Rg1 {[%clk 0:55:52]} Re8 {[%clk 0:20:27]}
34. Rg2 {[%clk 0:54:03]} Re7 {[%clk 0:19:25]} 35. b4 {[%clk 0:51:31]} Kf5
{[%clk 0:14:37]} 36. Nh3 {[%clk 0:49:40]} Nf6 {[%clk 0:13:39]} 37. Rg5+ {[%clk
0:48:54]} Ke6 {[%clk 0:14:01]} 38. Nf4+ {[%clk 0:49:18]} Kd6 {[%clk 0:14:10]}
39. Rf5 {[%clk 0:47:39]} Rf7 {[%clk 0:11:40]} 40. Nd3 {[%clk 0:45:00]} Ke6
{[%clk 0:09:46]} 41. Re5+ {[%clk 0:43:31]} Kd6 {[%clk 0:09:48]} 42. Rf5 {[%clk
0:43:37]} Rf8 {[%clk 0:08:00]} 43. Nf4 {[%clk 0:41:23]} Rf7 {[%clk 0:07:00]}
44. Nd3 {[%clk 0:41:44]} Rf8 {[%clk 0:07:18]} 45. Nf4 {[%clk 0:42:09]} Rf7
{[%clk 0:29:37]} 46. Nd3 {[%clk 1:10:00]} 1/2-1/2

[Event "Deutsche Ländermeisterschaft 2018"]
[Site "Würzburg GER"]
[Date "2018.10.04"]
[Round "3"]
[White "Böhm, Jana"]
[Black "Müdder, Melanie"]
[Result "1/2-1/2"]
[Termination "normal"]
[Board "2.7"]
[WhiteElo "2001"]
[BlackElo "1826"]
[WhiteClock "00:08:55"]
[BlackClock "00:29:33"]
[WhiteTeam "Niedersachsen"]
[BlackTeam "Nordrhein-Westfalen"]
[PlyCount "82"]
[WhiteFideId "24661589"]
[BlackFideId "12994103"]
[EventCountry "GER"]
[EventRounds "7"]
[EventType "team-swiss"]
[EventDate "2018.10.02"]

1. e4 {[%clk 1:30:59]} c5 {[%clk 1:30:55]} 2. Nf3 {[%clk 1:31:24]} Nc6 {[%clk
1:31:19]} 3. d4 {[%clk 1:31:50]} cxd4 {[%clk 1:31:41]} 4. Nxd4 {[%clk 1:32:16]}
e5 {[%clk 1:32:01]} 5. Nb5 {[%clk 1:32:42]} d6 {[%clk 1:32:16]} 6. c4 {[%clk
1:33:00]} Be7 {[%clk 1:32:24]} 7. N5c3 {[%clk 1:33:15]} f5 {[%clk 1:30:14]} 8.
exf5 {[%clk 1:33:28]} Bxf5 {[%clk 1:29:44]} 9. Bd3 {[%clk 1:33:37]} Be6 {[%clk
1:29:13]} 10. Nd5 {[%clk 1:33:16]} Nf6 {[%clk 1:24:29]} 11. Nbc3 {[%clk
1:33:20]} O-O {[%clk 1:20:50]} 12. O-O {[%clk 1:32:41]} Nd4 {[%clk 1:13:57]}
13. Be3 {[%clk 1:19:38]} Nf5 {[%clk 1:03:59]} 14. Nxe7+ {[%clk 1:16:56]} Nxe7
{[%clk 1:01:15]} 15. Qe2 {[%clk 1:05:22]} Qa5 {[%clk 0:52:46]} 16. a3 {[%clk
0:52:17]} Rac8 {[%clk 0:42:29]} 17. b4 {[%clk 0:50:41]} Qd8 {[%clk 0:41:40]}
18. Rac1 {[%clk 0:43:27]} a6 {[%clk 0:34:03]} 19. f3 {[%clk 0:35:25]} Qd7
{[%clk 0:20:43]} 20. Rfd1 {[%clk 0:33:25]} d5 {[%clk 0:18:05]} 21. Bc5 {[%clk
0:31:35]} d4 {[%clk 0:14:46]} 22. Qxe5 {[%clk 0:28:54]} Nc6 {[%clk 0:14:49]}
23. Qg3 {[%clk 0:26:09]} Rfe8 {[%clk 0:13:47]} 24. Ne4 {[%clk 0:20:19]} Nxe4
{[%clk 0:13:09]} 25. Bxe4 {[%clk 0:20:41]} Qf7 {[%clk 0:12:48]} 26. Bxc6 {[%clk
0:15:19]} Rxc6 {[%clk 0:12:45]} 27. Bxd4 {[%clk 0:14:46]} Rxc4 {[%clk 0:12:36]}
28. Rxc4 {[%clk 0:14:26]} Bxc4 {[%clk 0:13:00]} 29. Re1 {[%clk 0:13:44]} Rxe1+
{[%clk 0:11:29]} 30. Qxe1 {[%clk 0:14:09]} Qe6 {[%clk 0:10:03]} 31. Qxe6+
{[%clk 0:13:17]} Bxe6 {[%clk 0:10:28]} 32. Kf2 {[%clk 0:13:39]} Kf7 {[%clk
0:10:29]} 33. Ke3 {[%clk 0:14:04]} g6 {[%clk 0:08:25]} 34. Ke4 {[%clk 0:14:09]}
Bc4 {[%clk 0:05:15]} 35. Ke5 {[%clk 0:13:46]} Ke7 {[%clk 0:04:49]} 36. Bc5+
{[%clk 0:13:47]} Kf7 {[%clk 0:03:15]} 37. Kd4 {[%clk 0:12:03]} Bf1 {[%clk
0:03:23]} 38. g3 {[%clk 0:11:49]} Ke6 {[%clk 0:03:32]} 39. a4 {[%clk 0:10:11]}
Bg2 {[%clk 0:02:22]} 40. Ke4 {[%clk 0:09:21]} Bf1 {[%clk 0:01:14]} 41. f4
{[%clk 0:08:55]} Bg2+ {[%clk 0:29:33]} 1/2-1/2

[Event "Deutsche Ländermeisterschaft 2018"]
[Site "Würzburg GER"]
[Date "2018.10.04"]
[Round "3"]
[White "Bashylina, Luisa"]
[Black "Roncea, Andreea-Alexandra"]
[Result "1-0"]
[Termination "normal"]
[Board "2.8"]
[WhiteElo "1837"]
[BlackElo "1515"]
[WhiteClock "00:52:38"]
[BlackClock "00:15:23"]
[WhiteTeam "Nordrhein-Westfalen"]
[BlackTeam "Niedersachsen"]
[PlyCount "119"]
[WhiteFideId "12983292"]
[BlackFideId "16233115"]
[EventCountry "GER"]
[EventRounds "7"]
[EventType "team-swiss"]
[EventDate "2018.10.02"]

1. e4 {[%clk 1:30:59]} e5 {[%clk 1:30:57]} 2. Nf3 {[%clk 1:31:24]} Nc6 {[%clk
1:31:22]} 3. Bb5 {[%clk 1:31:31]} a6 {[%clk 1:31:44]} 4. Bxc6 {[%clk 1:31:56]}
dxc6 {[%clk 1:32:02]} 5. O-O {[%clk 1:32:20]} Bg4 {[%clk 1:30:08]} 6. h3 {[%clk
1:32:32]} Bh5 {[%clk 1:30:01]} 7. d3 {[%clk 1:29:34]} Bd6 {[%clk 1:28:46]} 8.
Be3 {[%clk 1:29:20]} Qf6 {[%clk 1:24:31]} 9. Nbd2 {[%clk 1:28:46]} c5 {[%clk
1:21:22]} 10. c3 {[%clk 1:24:33]} Ne7 {[%clk 1:20:34]} 11. Qb3 {[%clk 1:21:49]}
b6 {[%clk 0:53:25]} 12. Rfe1 {[%clk 1:14:23]} Bxf3 {[%clk 0:45:03]} 13. Nxf3
{[%clk 1:14:37]} h6 {[%clk 0:43:23]} 14. d4 {[%clk 1:11:40]} O-O {[%clk
0:37:17]} 15. Rad1 {[%clk 1:08:02]} cxd4 {[%clk 0:35:05]} 16. cxd4 {[%clk
1:08:06]} Rfd8 {[%clk 0:34:40]} 17. Qc3 {[%clk 1:06:54]} Ng6 {[%clk 0:34:05]}
18. a3 {[%clk 1:04:11]} a5 {[%clk 0:34:03]} 19. Nh2 {[%clk 1:00:48]} Qe7 {[%clk
0:27:04]} 20. Ng4 {[%clk 0:58:21]} h5 {[%clk 0:26:28]} 21. Nh2 {[%clk 0:58:11]}
Rac8 {[%clk 0:24:52]} 22. d5 {[%clk 0:55:05]} f6 {[%clk 0:24:11]} 23. Qd3
{[%clk 0:53:58]} Nf8 {[%clk 0:23:40]} 24. Nf3 {[%clk 0:53:58]} g5 {[%clk
0:23:17]} 25. Qe2 {[%clk 0:51:53]} Qh7 {[%clk 0:21:41]} 26. Nd2 {[%clk
0:50:35]} Nd7 {[%clk 0:20:54]} 27. Rc1 {[%clk 0:47:04]} Kf7 {[%clk 0:20:30]}
28. Qf3 {[%clk 0:45:39]} Ke7 {[%clk 0:19:09]} 29. Qf5 {[%clk 0:40:38]} Qxf5
{[%clk 0:16:28]} 30. exf5 {[%clk 0:41:03]} Kf7 {[%clk 0:15:56]} 31. Ne4 {[%clk
0:41:01]} Be7 {[%clk 0:16:01]} 32. Rc2 {[%clk 0:39:54]} Nb8 {[%clk 0:15:11]}
33. Rec1 {[%clk 0:39:21]} Rxd5 {[%clk 0:13:59]} 34. Rxc7 {[%clk 0:39:41]} Rxc7
{[%clk 0:12:54]} 35. Rxc7 {[%clk 0:40:06]} Nd7 {[%clk 0:12:00]} 36. Rb7 {[%clk
0:37:29]} Bd8 {[%clk 0:11:29]} 37. Kf1 {[%clk 0:36:37]} Ke7 {[%clk 0:10:05]}
38. Nc3 {[%clk 0:35:53]} Rd6 {[%clk 0:09:36]} 39. Ke2 {[%clk 0:35:06]} Ke8
{[%clk 0:06:36]} 40. g3 {[%clk 0:32:16]} Rc6 {[%clk 0:04:42]} 41. f4 {[%clk
0:31:05]} exf4 {[%clk 0:03:08]} 42. gxf4 {[%clk 0:31:03]} gxf4 {[%clk 0:02:10]}
43. Bxf4 {[%clk 0:31:04]} Rc5 {[%clk 0:01:20]} 44. Ke3 {[%clk 0:27:44]} Rxf5
{[%clk 0:29:19]} 45. b4 {[%clk 0:53:19]} axb4 {[%clk 0:26:02]} 46. axb4 {[%clk
0:53:45]} Ke7 {[%clk 0:25:13]} 47. Ke4 {[%clk 0:53:59]} Ke6 {[%clk 0:25:18]}
48. Ne2 {[%clk 0:53:29]} Rxf4+ {[%clk 0:16:43]} 49. Nxf4+ {[%clk 0:53:07]} Ke7
{[%clk 0:16:43]} 50. Nxh5 {[%clk 0:53:23]} Ke6 {[%clk 0:16:37]} 51. Nf4+ {[%clk
0:52:48]} Ke7 {[%clk 0:16:14]} 52. h4 {[%clk 0:52:52]} Ke8 {[%clk 0:15:47]} 53.
h5 {[%clk 0:53:05]} Be7 {[%clk 0:15:33]} 54. h6 {[%clk 0:51:14]} Bf8 {[%clk
0:15:28]} 55. h7 {[%clk 0:51:22]} Bg7 {[%clk 0:15:39]} 56. Ng6 {[%clk 0:51:37]}
Kd8 {[%clk 0:15:14]} 57. h8=Q+ {[%clk 0:51:50]} Bxh8 {[%clk 0:15:32]} 58. Nxh8
{[%clk 0:52:12]} Kc8 {[%clk 0:15:34]} 59. Ra7 {[%clk 0:52:31]} Kb8 {[%clk
0:15:23]} 60. Rxd7 {[%clk 0:52:38]} 1-0

[Event "Deutsche Ländermeisterschaft 2018"]
[Site "Würzburg GER"]
[Date "2018.10.04"]
[Round "3"]
[White "Schneider, Jana"]
[Black "Gschnitzer, Adrian"]
[Result "1-0"]
[Termination "normal"]
[Board "3.1"]
[WhiteTitle "FM"]
[WhiteElo "2190"]
[BlackElo "2353"]
[WhiteClock "00:25:09"]
[BlackClock "00:11:33"]
[WhiteTeam "Bayern 1"]
[BlackTeam "Baden 1"]
[PlyCount "101"]
[WhiteFideId "12924997"]
[BlackFideId "1270337"]
[EventCountry "GER"]
[EventRounds "7"]
[EventType "team-swiss"]
[EventDate "2018.10.02"]

1. e4 {[%clk 1:30:57]} e5 {[%clk 1:30:48]} 2. Nf3 {[%clk 1:31:03]} Nc6 {[%clk
1:31:07]} 3. Bc4 {[%clk 1:30:52]} Bc5 {[%clk 1:31:12]} 4. O-O {[%clk 1:31:07]}
Nf6 {[%clk 1:31:28]} 5. d3 {[%clk 1:31:27]} a6 {[%clk 1:31:23]} 6. c3 {[%clk
1:31:31]} d6 {[%clk 1:30:43]} 7. a4 {[%clk 1:25:10]} Ba7 {[%clk 1:30:06]} 8.
Na3 {[%clk 1:24:17]} h6 {[%clk 1:26:57]} 9. Nc2 {[%clk 1:21:58]} O-O {[%clk
1:24:10]} 10. Be3 {[%clk 1:21:07]} Ne7 {[%clk 1:16:37]} 11. Bxa7 {[%clk
1:19:41]} Rxa7 {[%clk 1:15:51]} 12. Re1 {[%clk 1:16:32]} Ng6 {[%clk 1:13:37]}
13. Ne3 {[%clk 1:13:03]} Be6 {[%clk 1:03:46]} 14. Qb3 {[%clk 1:10:06]} Qd7
{[%clk 0:59:11]} 15. a5 {[%clk 1:05:57]} Nf4 {[%clk 0:54:49]} 16. Rad1 {[%clk
1:02:56]} Bg4 {[%clk 0:47:35]} 17. Nh4 {[%clk 0:48:08]} Bxd1 {[%clk 0:44:19]}
18. Rxd1 {[%clk 0:48:12]} Kh7 {[%clk 0:39:51]} 19. d4 {[%clk 0:45:46]} exd4
{[%clk 0:28:50]} 20. cxd4 {[%clk 0:45:43]} g6 {[%clk 0:24:13]} 21. e5 {[%clk
0:37:50]} Ng4 {[%clk 0:21:52]} 22. e6 {[%clk 0:33:15]} Qe7 {[%clk 0:22:07]} 23.
Nxg6 {[%clk 0:32:31]} fxg6 {[%clk 0:22:04]} 24. Nxg4 {[%clk 0:32:32]} Qg5
{[%clk 0:19:44]} 25. Qg3 {[%clk 0:29:16]} d5 {[%clk 0:19:02]} 26. Bf1 {[%clk
0:22:41]} Nxe6 {[%clk 0:15:01]} 27. Re1 {[%clk 0:22:26]} Ng7 {[%clk 0:14:29]}
28. Bd3 {[%clk 0:20:16]} Raa8 {[%clk 0:11:49]} 29. h4 {[%clk 0:17:19]} Qf4
{[%clk 0:10:09]} 30. Re7 {[%clk 0:16:21]} Qxg3 {[%clk 0:08:04]} 31. fxg3 {[%clk
0:16:48]} Rae8 {[%clk 0:05:19]} 32. Rxc7 {[%clk 0:16:35]} Re1+ {[%clk 0:04:49]}
33. Kh2 {[%clk 0:17:04]} Rd1 {[%clk 0:04:03]} 34. Ne5 {[%clk 0:16:38]} Kg8
{[%clk 0:02:10]} 35. Rxb7 {[%clk 0:15:21]} Nf5 {[%clk 0:01:02]} 36. Rb6 {[%clk
0:14:56]} Nxd4 {[%clk 0:00:37]} 37. Rxg6+ {[%clk 0:14:55]} Kh8 {[%clk 0:00:48]}
38. Rxh6+ {[%clk 0:14:48]} Kg7 {[%clk 0:00:52]} 39. Rg6+ {[%clk 0:10:16]} Kh8
{[%clk 0:01:02]} 40. Rxa6 {[%clk 0:05:36]} Re8 {[%clk 0:00:35]} 41. Rh6+ {[%clk
0:04:38]} Kg8 {[%clk 0:27:24]} 42. Rg6+ {[%clk 0:33:28]} Kf8 {[%clk 0:23:33]}
43. Rf6+ {[%clk 0:31:32]} Ke7 {[%clk 0:17:00]} 44. Rb6 {[%clk 0:29:03]} Kf8
{[%clk 0:16:31]} 45. a6 {[%clk 0:26:46]} Rxe5 {[%clk 0:16:23]} 46. a7 {[%clk
0:26:50]} Re8 {[%clk 0:15:01]} 47. Bg6 {[%clk 0:26:30]} Ra1 {[%clk 0:11:40]}
48. Bxe8 {[%clk 0:25:19]} Rxa7 {[%clk 0:11:47]} 49. Bc6 {[%clk 0:25:21]} Nc2
{[%clk 0:11:06]} 50. Bxd5 {[%clk 0:25:12]} Ne3 {[%clk 0:11:33]} 51. Bf3 {[%clk
0:25:09]} 1-0

[Event "Deutsche Ländermeisterschaft 2018"]
[Site "Würzburg GER"]
[Date "2018.10.04"]
[Round "3"]
[White "Färber, David"]
[Black "Oberhofer, Cédric"]
[Result "1/2-1/2"]
[Termination "normal"]
[Board "3.2"]
[WhiteElo "2291"]
[BlackElo "2213"]
[WhiteClock "00:29:16"]
[BlackClock "00:27:49"]
[WhiteTeam "Baden 1"]
[BlackTeam "Bayern 1"]
[PlyCount "111"]
[WhiteFideId "12971294"]
[BlackFideId "12941220"]
[EventCountry "GER"]
[EventRounds "7"]
[EventType "team-swiss"]
[EventDate "2018.10.02"]

1. e4 {[%clk 1:30:57]} c5 {[%clk 1:30:54]} 2. Nc3 {[%clk 1:31:17]} Nc6 {[%clk
1:31:20]} 3. Nf3 {[%clk 1:31:37]} e5 {[%clk 1:31:45]} 4. Bc4 {[%clk 1:31:58]}
Be7 {[%clk 1:32:09]} 5. d3 {[%clk 1:32:19]} d6 {[%clk 1:32:19]} 6. Nd2 {[%clk
1:32:31]} Bg5 {[%clk 1:28:27]} 7. Nf1 {[%clk 1:31:59]} Bxc1 {[%clk 1:28:46]} 8.
Qxc1 {[%clk 1:32:23]} Be6 {[%clk 1:21:58]} 9. Ne3 {[%clk 1:28:29]} Nge7 {[%clk
1:15:56]} 10. O-O {[%clk 1:24:41]} O-O {[%clk 1:14:12]} 11. a3 {[%clk 1:16:31]}
a6 {[%clk 1:09:18]} 12. f4 {[%clk 1:02:53]} exf4 {[%clk 1:07:59]} 13. Rxf4
{[%clk 1:01:22]} Ne5 {[%clk 0:56:44]} 14. Bd5 {[%clk 0:55:58]} Bxd5 {[%clk
0:47:45]} 15. Ncxd5 {[%clk 0:55:05]} Nxd5 {[%clk 0:45:30]} 16. Nxd5 {[%clk
0:55:11]} Ng6 {[%clk 0:45:36]} 17. Rf5 {[%clk 0:49:07]} Ne7 {[%clk 0:40:58]}
18. Nxe7+ {[%clk 0:47:53]} Qxe7 {[%clk 0:41:26]} 19. Qf4 {[%clk 0:47:58]} Rad8
{[%clk 0:40:26]} 20. Rf1 {[%clk 0:44:06]} Qe6 {[%clk 0:36:04]} 21. Rd5 {[%clk
0:41:32]} Rfe8 {[%clk 0:34:32]} 22. c4 {[%clk 0:34:48]} b5 {[%clk 0:29:29]} 23.
cxb5 {[%clk 0:29:14]} axb5 {[%clk 0:29:14]} 24. b4 {[%clk 0:29:36]} f6 {[%clk
0:25:51]} 25. Rc1 {[%clk 0:21:59]} Qe7 {[%clk 0:21:00]} 26. Qe3 {[%clk
0:16:56]} Qb7 {[%clk 0:17:06]} 27. Qf2 {[%clk 0:12:45]} cxb4 {[%clk 0:15:12]}
28. axb4 {[%clk 0:13:04]} Re5 {[%clk 0:13:26]} 29. Qa2 {[%clk 0:09:32]} Rxd5
{[%clk 0:10:33]} 30. Qxd5+ {[%clk 0:09:43]} Qxd5 {[%clk 0:10:58]} 31. exd5
{[%clk 0:10:06]} Ra8 {[%clk 0:09:45]} 32. Rc6 {[%clk 0:10:18]} Ra4 {[%clk
0:10:03]} 33. Rxd6 {[%clk 0:10:37]} Rxb4 {[%clk 0:10:26]} 34. Rb6 {[%clk
0:10:06]} Rd4 {[%clk 0:06:25]} 35. Rxb5 {[%clk 0:10:22]} Rxd3 {[%clk 0:06:50]}
36. Kf2 {[%clk 0:09:42]} h5 {[%clk 0:04:49]} 37. Ke2 {[%clk 0:09:37]} Rd4
{[%clk 0:05:14]} 38. Ke3 {[%clk 0:09:40]} Rd1 {[%clk 0:05:40]} 39. h3 {[%clk
0:08:19]} Kf7 {[%clk 0:02:39]} 40. Rb7+ {[%clk 0:06:58]} Kf8 {[%clk 0:03:02]}
41. Rd7 {[%clk 0:06:09]} Ke8 {[%clk 0:28:11]} 42. Rxg7 {[%clk 0:36:25]} Rxd5
{[%clk 0:28:37]} 43. Ke4 {[%clk 0:35:04]} Re5+ {[%clk 0:27:44]} 44. Kf4 {[%clk
0:34:45]} Kf8 {[%clk 0:27:38]} 45. Rb7 {[%clk 0:34:43]} Rg5 {[%clk 0:27:56]}
46. g3 {[%clk 0:34:08]} Kg8 {[%clk 0:28:00]} 47. h4 {[%clk 0:31:39]} Rc5 {[%clk
0:27:18]} 48. Rd7 {[%clk 0:31:45]} Re5 {[%clk 0:27:05]} 49. Ra7 {[%clk
0:30:38]} Rc5 {[%clk 0:26:38]} 50. Re7 {[%clk 0:30:48]} Kf8 {[%clk 0:26:48]}
51. Rd7 {[%clk 0:30:45]} Re5 {[%clk 0:26:55]} 52. Rc7 {[%clk 0:29:48]} Kg8
{[%clk 0:27:16]} 53. Kf3 {[%clk 0:28:47]} Kf8 {[%clk 0:27:14]} 54. Rb7 {[%clk
0:28:24]} Kg8 {[%clk 0:27:29]} 55. Kf4 {[%clk 0:28:50]} Kf8 {[%clk 0:27:49]}
56. Rc7 {[%clk 0:29:16]} 1/2-1/2

[Event "Deutsche Ländermeisterschaft 2018"]
[Site "Würzburg GER"]
[Date "2018.10.04"]
[Round "3"]
[White "Goldbeck, Lars"]
[Black "Schmider, Niklas"]
[Result "1-0"]
[Termination "normal"]
[Board "3.3"]
[WhiteElo "2184"]
[BlackElo "2190"]
[WhiteClock "00:28:49"]
[BlackClock "00:21:39"]
[WhiteTeam "Bayern 1"]
[BlackTeam "Baden 1"]
[PlyCount "49"]
[WhiteFideId "16208188"]
[BlackFideId "12993778"]
[EventCountry "GER"]
[EventRounds "7"]
[EventType "team-swiss"]
[EventDate "2018.10.02"]

1. d4 {[%clk 1:30:58]} Nf6 {[%clk 1:30:51]} 2. c4 {[%clk 1:31:26]} g6 {[%clk
1:31:13]} 3. Nc3 {[%clk 1:31:44]} d5 {[%clk 1:31:36]} 4. cxd5 {[%clk 1:30:56]}
Nxd5 {[%clk 1:31:56]} 5. Bd2 {[%clk 1:31:07]} Nb6 {[%clk 1:30:53]} 6. e3 {[%clk
1:30:59]} Bg7 {[%clk 1:30:43]} 7. f4 {[%clk 1:30:56]} O-O {[%clk 1:23:57]} 8.
Nf3 {[%clk 1:28:00]} Na6 {[%clk 1:13:37]} 9. Bxa6 {[%clk 1:12:33]} bxa6 {[%clk
1:13:56]} 10. Ne4 {[%clk 1:11:21]} f6 {[%clk 0:55:12]} 11. O-O {[%clk 1:03:31]}
Kh8 {[%clk 0:39:47]} 12. Rc1 {[%clk 0:55:48]} Bg4 {[%clk 0:30:51]} 13. h3
{[%clk 0:47:42]} Bxf3 {[%clk 0:29:19]} 14. Qxf3 {[%clk 0:46:06]} e5 {[%clk
0:28:25]} 15. Bb4 {[%clk 0:45:56]} Re8 {[%clk 0:27:34]} 16. dxe5 {[%clk
0:44:39]} fxe5 {[%clk 0:27:33]} 17. f5 {[%clk 0:39:12]} gxf5 {[%clk 0:23:02]}
18. Qxf5 {[%clk 0:38:32]} Qc8 {[%clk 0:22:58]} 19. Qh5 {[%clk 0:38:27]} Qe6
{[%clk 0:22:22]} 20. Ng5 {[%clk 0:30:28]} Qg6 {[%clk 0:22:43]} 21. Qxg6 {[%clk
0:30:36]} hxg6 {[%clk 0:23:07]} 22. e4 {[%clk 0:31:03]} Rac8 {[%clk 0:22:30]}
23. Rc6 {[%clk 0:30:39]} Nd7 {[%clk 0:21:24]} 24. Rxg6 {[%clk 0:29:55]} c5
{[%clk 0:21:39]} 25. Rf7 {[%clk 0:28:49]} 1-0